000 00601nam a22002057a 4500
999 _c16948
_d16948
003 AR-CdUCM
008 190506b ||||| |||| 00| 0 spa d
040 _aMUNICIPALIDAD PROVINCIAL DEL CUSCO
_cBIBLIOTECA MUNICIPAL DEL CUSCO
082 _a818.5 /
_bL36
100 _aLederer, W. G.
_936712
245 _aEl americano feo /
260 _aLima :
_bPopulibros peruanos,
300 _a298 páginas ;
_c18 cm.
505 _aContenido: Novela
650 _aNovelas estadounidenses
_9734
650 _aSiglo XX.
_98
700 _aBurdick, E.
_912244
942 _2ddc
_cLIBROS
945 _aacv
_d2019-05-06